| 000 | 00921nam a22002777a 4500 | ||
|---|---|---|---|
| 999 |
_c29213 _d29184 |
||
| 003 | EG-ScBUE | ||
| 005 | 20210627105022.0 | ||
| 008 | 210627s2017 ua f 000 j ara d | ||
| 017 | _a2017/10852 | ||
| 020 | _a9789770934241 | ||
| 040 |
_aEG-ScBUE _bara _erda _cEG-ScBUE _dEG-ScBUE |
||
| 082 | 0 | 4 |
_a892.736 _bز ي د _222 |
| 100 | 1 |
_aزيدان، يوسف، _d1958- _eمؤلف. |
|
| 245 | 1 | 0 |
_aأهل الحي / _cيوسف زيدان. |
| 246 | 3 | 4 |
_aأهل الحي : _bقصص قصيرات |
| 250 | _aالطبعة الثانية. | ||
| 264 | 1 |
_aالقاهرة : _bدار الشروق، _c2017. |
|
| 300 |
_a157 صفحة ؛ _c24 سم. |
||
| 336 |
_2rdacontent _aنص _btxt |
||
| 337 |
_2rdamedia _aبدون وسيط _bn |
||
| 338 |
_2rdacarrier _aمجلد _bnc |
||
| 650 | 7 |
_aالقصص القصيرة العربية _yقرن 21. _2BUEsh |
|
| 653 |
_bARALIT _cJune2021 |
||
| 655 |
_vReading book _934232 |
||
| 942 | _2ddc | ||